000 00895nam a2200265 a 4500
001 BRL_1839
005 20190320211406.0
008 070815s1994----cn-o######---#000-0#fre-#
020 _a2762117046
041 _afre
044 _acn
050 4 _aGT1747
_b.M37 1994
245 1 0 _aMasques et mascarades
_csous la direction de Andrée Gendreau
260 _aCanada
_bFides : Musée de la Civilisation
_c1994
300 _axi, 167 p.
_bil.
_c23 cm.
440 0 _aVoir et savoir
_928016
500 _aAu1793
500 _aCet ouvrage a été réalisé dans le cadre de l´exposition Masques et mascarades présentée au Musée de la civilisation du 1er févr. au 16 oct. 1994
504 _aBibliografía: p. 165-167
650 1 4 _aMascaras
_xExposiciones
_928017
650 1 4 _aCarnaval
_xExposiciones
_928018
700 1 _aGendreau, Andrée
_d1943-
_928019
902 _aGRL
942 _2lcc
_cB
999 _c10647
_d10647